| 000 | 00000cas 2200000za 4500 |
| 001 | 9.507868 |
| 003 | CaOODSP |
| 005 | 20260326130507 |
| 007 | cr ||||||||||| |
| 008 | 150406d20149999oncar p o||||f0 |0eng|d |
| 022 | |a2368-0288 |
| 040 | |aCaOODSP|beng |
| 043 | |an-cn--- |
| 086 | 1 |aV95E-PDF |
| 110 | 1 |aCanada. |bVeterans Review and Appeal Board. |
| 245 | 10|aAnnual report |h[electronic resource]. |
| 246 | 3 |aAnnual report - Veterans Review and Appeal Board |
| 260 | |a[Ottawa] : |bVeterans Review and Appeal Board,|c[2014]- |
| 310 | |aAnnual |
| 362 | 0 |aBegan with 2013/2014. |
| 500 | |aIssued also in French under title: Rapport annuel - Tribunal des anciens combattants (révision et appel). |
| 775 | 08|tRapport annuel |w(CaOODSP)9.504246 |
| 776 | 0#|tVeterans Review and Appeal Board - annual report |w(CaOODSP)9.512450 |